| 000 | 00682nam a2200241 i 4500 | ||
|---|---|---|---|
| 001 | 17030 | ||
| 003 | ES-MaACL | ||
| 005 | 20230906151504.0 | ||
| 007 | t| | ||
| 008 | 001215s1977 sp ||||1| spa d | ||
| 020 | _a84-339-1206-2 | ||
| 080 | _a615.32:582.635 | ||
| 245 | 0 | 3 |
_aEl libro de la yerba / _cGeorge Andrews y Simon Vinkenoog (eds.). |
| 260 |
_aBarcelona : _bAnagrama, _c[1977] |
||
| 300 |
_a314 p. ; _c20 cm. |
||
| 490 | 1 |
_aContraseñas ; _v6 |
|
| 650 | 1 | 4 |
_aMarihuana. _914780 |
| 700 | 1 |
_aAndrews, George. _921664 |
|
| 700 | 1 |
_aVinkenoog, Simon. _9115334 |
|
| 830 | 0 |
_aContraseñas ; _v6 _9179727 |
|
| 852 |
_aES-MaACL _jL-24028 _bR.129076 |
||
| 999 |
_c17030 _d17030 |
||